000 00422nab a2200145Ia 4500
003 ES-SlBCS
005 20210601141257.0
008 140529s2006 xxu||||| |||| 00| 0 spa d
041 _aspa
100 1 _aQuintanal Díaz, José
_945575
245 0 0 _aLa función tutorial
_c José Quintanal Díaz
650 0 4 _aFormación Docente
_9209252
773 0 _tEducación y Futuro
_gnº. 15, 2006, págs. 9-23
_wRev1173
942 _cAR
999 _c658113
_d658113